Loading...
| History - American | 0 | 6 | 0 | 0 | 60 | 87 | 105.83 | 0 | 2 | 8.28 | 27.27 |
| Science - Physics | 0 | 4 | 0 | 1 | 40 | 74 | 97.50 | 0 | 2 | 7.57 | 23.64 |
| History - World | 0 | 4 | 2 | 0 | 30 | 82 | 102.25 | 0 | 1 | 7.18 | 12.73 |
| Religion | 0 | 3 | 0 | 0 | 30 | 74 | 100.33 | 0 | 3 | 6.32 | 21.82 |
| Science - Other | 0 | 4 | 2 | 0 | 30 | 46 | 74.00 | 1 | 2 | 13.48 | 26.36 |
| History - European | 0 | 3 | 0 | 1 | 30 | 69 | 112.33 | 0 | 0 | 4.51 | 4.55 |
| Philosophy | 0 | 3 | 0 | 2 | 30 | 108 | 127.33 | 0 | 0 | 1.54 | 10.91 |
| Science - Biology | 0 | 2 | 0 | 0 | 20 | 102 | 112.00 | 0 | 1 | 1.23 | 10.00 |
| Current Events | 0 | 2 | 0 | 0 | 20 | 62 | 87.50 | 1 | 1 | 18.82 | 46.67 |
| Social Science | 0 | 2 | 2 | 1 | 10 | 77 | 101.50 | 0 | 1 | 3.30 | 8.18 |
| Fine Arts - Classical Music | 0 | 1 | 0 | 1 | 10 | 135 | 135.00 | 0 | 0 | -0.28 | 1.82 |
| Fine Arts - Painting and Sculpture | 0 | 1 | 0 | 0 | 10 | 130 | 130.00 | 0 | 0 | 0.77 | 2.73 |
| Geography | 0 | 1 | 0 | 1 | 10 | 126 | 126.00 | 0 | 0 | 0.00 | 3.33 |
| Literature - British | 0 | 1 | 0 | 0 | 10 | 98 | 98.00 | 0 | 0 | 2.39 | 2.73 |
| Mythology | 0 | 1 | 0 | 0 | 10 | 64 | 64.00 | 1 | 1 | 5.16 | 9.09 |
| Other Academic | 0 | 1 | 0 | 0 | 10 | 124 | 124.00 | 0 | 0 | 6.32 | 20.00 |
| Science - Chemistry | 0 | 1 | 0 | 0 | 10 | 75 | 75.00 | 0 | 0 | 3.06 | 5.45 |
| Fine Arts - Other | 0 | 1 | 1 | 0 | 5 | 139 | 139.00 | 0 | 0 | 0.00 | 1.82 |
| Literature - American | 0 | 1 | 1 | 0 | 5 | 147 | 147.00 | 0 | 0 | 0.00 | 1.82 |
| History - Other | 0 | 1 | 2 | 0 | 0 | 141 | 141.00 | 0 | 0 | 0.00 | 3.64 |
| Literature - European | 0 | 0 | 0 | 0 | 0 | 0.00 | 0 | 0 | 0.00 | 0.00 |